[Event "NRW Class1 1819"]
[Site "Germany"]
[Date "2019.03.17"]
[Round "7.1"]
[White "Hort, Vlastimil"]
[Black "Wigger, Jochen"]
[Result "0-1"]
[WhiteElo "2366"]
[BlackElo "2234"]
[PlyCount "34"]
[EventDate "2018.09.16"]
[EventType "team-tourn"]
[EventRounds "9"]
[EventCountry "GER"]
[SourceTitle "EXT 2022"]
[Source "ChessBase"]
[SourceDate "2021.10.06"]
[SourceVersion "1"]
[SourceVersionDate "2021.10.06"]
[SourceQuality "1"]
[WhiteTeam "Oberhausen SV"]
[BlackTeam "Niederkassel"]
[WhiteTeamCountry "GER"]
[BlackTeamCountry "GER"]

1. e4 c6 2. Nc3 d5 3. Nf3 Bg4 4. h3 Bxf3 5. Qxf3 e6 6. g3 Nf6 7. Bg2 Qb6 8. 0-0 Nbd7 9. d3 Be7 10. Qe2 dxe4 11. dxe4 e5 12. h4 0-0 13. Bh3 Rad8 14. Kg2 Rfe8 15. Rb1 Qa5 16. Bd2 Qc7 17. Rbd1 Nf8 0-1

[Event "NRW Class1 1819"]
[Site "Germany"]
[Date "2018.11.18"]
[Round "3.1"]
[White "Luft, Dennis"]
[Black "Wigger, Jochen"]
[Result "1-0"]
[WhiteElo "2249"]
[BlackElo "2234"]
[PlyCount "121"]
[EventDate "2018.09.16"]
[EventType "team-tourn"]
[EventRounds "9"]
[EventCountry "GER"]
[SourceTitle "EXT 2022"]
[Source "ChessBase"]
[SourceDate "2021.10.06"]
[SourceVersion "1"]
[SourceVersionDate "2021.10.06"]
[SourceQuality "1"]
[WhiteTeam "Brackel SF"]
[BlackTeam "Niederkassel"]
[WhiteTeamCountry "GER"]
[BlackTeamCountry "GER"]

1. e4 c6 2. d4 d5 3. exd5 cxd5 4. Bd3 Nc6 5. c3 Nf6 6. Bf4 Bg4 7. Qb3 Qd7 8. Nd2 e6 9. Ngf3 Bxf3 10. Nxf3 Bd6 11. Be5 Be7 12. 0-0 0-0 13. Qc2 g6 14. Rfe1 Rfc8 15. Qd2 Qe8 16. Bf4 a6 17. Ne5 Nxe5 18. dxe5 Nd7 19. Re3 b5 20. Rae1 Rab8 21. Rg3 a5 22. Bg5 b4 23. h4 bxc3 24. bxc3 Bxg5 25. Qxg5 Qd8 26. Qf4 Nf8 27. h5 Qe7 28. hxg6 fxg6 29. Qd2 Rc7 30. Kh2 Qc5 31. Qh6 Rf7 32. Ree3 Qe7 33. Ref3 Rb7 34. a4 Rc7 35. Kh3 Rxf3 36. Rxf3 Qg7 37. Qxg7+ Kxg7 38. Bb5 g5 39. g3 h5 40. Kg2 Re7 41. Kf1 g4 42. Re3 Nh7 43. c4 dxc4 44. Rc3 Ng5 45. Rxc4 Nf3 46. Rc6 Nxe5 47. Ra6 Kf6 48. Rxa5 Nf3 49. Ke2 Rc7 50. Kd3 Ne5+ 51. Ke4 Rc2 52. Ra8 Nf3 53. a5 Rxf2 54. a6 Ng5+ 55. Kd4 Rd2+ 56. Kc4 Nf7 57. a7 Re2 58. Kb4 Rc2 59. Ka5 h4 60. gxh4 g3 61. Kb6 1-0

[Event "NRW Class1 1819"]
[Site "Germany"]
[Date "2018.10.14"]
[Round "2.2"]
[White "Jansen, Dirk Norbert"]
[Black "Wigger, Jochen"]
[Result "1/2-1/2"]
[WhiteElo "2168"]
[BlackElo "2234"]
[PlyCount "37"]
[EventDate "2018.09.16"]
[EventType "team-tourn"]
[EventRounds "9"]
[EventCountry "GER"]
[SourceTitle "EXT 2022"]
[Source "ChessBase"]
[SourceDate "2021.10.06"]
[SourceVersion "1"]
[SourceVersionDate "2021.10.06"]
[SourceQuality "1"]
[WhiteTeam "Weidenau/Geisweid"]
[BlackTeam "Niederkassel"]
[WhiteTeamCountry "GER"]
[BlackTeamCountry "GER"]

1. e4 c6 2. d4 d5 3. exd5 cxd5 4. c4 Nf6 5. Nc3 e6 6. c5 Nc6 7. Nf3 Ne4 8. Bb5 Bd7 9. Qc2 f5 10. 0-0 Be7 11. Bxc6 Bxc6 12. b4 0-0 13. Bf4 Be8 14. a4 g5 15. Be5 Bg6 16. Nd2 Nxc3 17. Qxc3 f4 18. b5 Qe8 19. f3 1/2-1/2

[Event "NRW Class1 1718"]
[Site "Germany"]
[Date "2018.02.18"]
[Round "6.1"]
[White "Niermann, Tristan"]
[Black "Wigger, Jochen"]
[Result "1/2-1/2"]
[WhiteElo "2178"]
[BlackElo "2246"]
[PlyCount "135"]
[EventDate "2017.09.17"]
[EventType "team-tourn"]
[EventRounds "9"]
[EventCountry "GER"]
[SourceTitle "EXT 2019"]
[Source "ChessBase"]
[SourceDate "2018.10.10"]
[SourceVersion "1"]
[SourceVersionDate "2018.10.10"]
[SourceQuality "1"]
[WhiteTeam "Lieme"]
[BlackTeam "Niederkassel"]
[WhiteTeamCountry "GER"]
[BlackTeamCountry "GER"]

1. c4 e5 2. g3 Nc6 3. Bg2 d6 4. Nc3 Be6 5. d3 Qd7 6. Rb1 g6 7. b4 Bg7 8. Nf3 h6 9. 0-0 f5 10. b5 Nd8 11. Qc2 Ne7 12. a4 0-0 13. Rd1 g5 14. e3 Ng6 15. d4 g4 16. Ne1 e4 17. Ba3 Bf7 18. c5 Ne6 19. b6 axb6 20. cxd6 Rfc8 21. Qb2 c5 22. Nd5 Rc6 23. Nxb6 Rxb6 24. Qxb6 cxd4 25. exd4 Qxa4 26. Bc5 Ngf8 27. Qxb7 Rd8 28. Bf1 Nxd4 29. Qb4 Qxb4 30. Rxb4 Nc6 31. Bb6 Ra8 32. Rbb1 Nd7 33. Bb5 Nce5 34. Bd4 Bf8 35. Bxe5 Nxe5 36. d7 Rd8 37. Rbc1 Be6 38. Rc8 Rxc8 39. dxc8Q Bxc8 40. Rd8 Be6 41. Nc2 Kf7 42. Nd4 Be7 43. Nxe6 Kxe6 44. Rh8 Bg5 45. Ba6 Kf7 46. Bb7 e3 47. fxe3 Bxe3+ 48. Kg2 Bg5 49. Ra8 Bf6 50. Ra4 Kg6 51. Bc8 Nf7 52. Ra5 Nd6 53. Bd7 h5 54. Rd5 Be7 55. Kf1 Kg5 56. Ke2 h4 57. Re5 Bf6 58. Rd5 Be7 59. Ke3 hxg3 60. hxg3 Kg6 61. Kf4 Bg5+ 62. Ke5 Nf7+ 63. Ke6 Nd8+ 64. Ke5 Nf7+ 65. Kd4 Bf6+ 66. Kc5 Ne5 67. Be8+ Kg5 68. Rd1 1/2-1/2

[Event "NRW Class1 1718"]
[Site "Germany"]
[Date "2018.01.28"]
[Round "5.1"]
[White "Wigger, Jochen"]
[Black "De Vreugt, Dennis"]
[Result "0-1"]
[WhiteElo "2246"]
[BlackElo "2417"]
[PlyCount "122"]
[EventDate "2017.09.17"]
[EventType "team-tourn"]
[EventRounds "9"]
[EventCountry "GER"]
[SourceTitle "EXT 2019"]
[Source "ChessBase"]
[SourceDate "2018.10.10"]
[SourceVersion "1"]
[SourceVersionDate "2018.10.10"]
[SourceQuality "1"]
[WhiteTeam "Niederkassel"]
[BlackTeam "Erkenschwick"]
[WhiteTeamCountry "GER"]
[BlackTeamCountry "GER"]

1. b3 e5 2. Bb2 d6 3. e3 Nf6 4. c4 Nbd7 5. d4 c6 6. Nc3 Be7 7. Nf3 0-0 8. Bd3 Re8 9. 0-0 Bf8 10. Qc2 a6 11. Rad1 g6 12. Rfe1 b5 13. dxe5 dxe5 14. Ne4 b4 15. Qb1 Nxe4 16. Bxe4 Qc7 17. Rd2 a5 18. Bc2 Nc5 19. Red1 Bg4 20. h3 Bxf3 21. gxf3 Qe7 22. Bd3 a4 23. bxa4 Rxa4 24. Bf1 Rea8 25. Bc1 R4a7 26. Bg2 Qe6 27. Rc2 Rb7 28. Bd2 b3 29. axb3 Rxb3 30. Rb2 Qxc4 31. Bf1 Qe6 32. Be1 Rxb2 33. Qxb2 Qf5 34. Bg2 Rc8 35. Qa2 Ne6 36. Qa4 c5 37. Rc1 Rd8 38. Bc3 Bg7 39. Qc4 h5 40. h4 g5 41. hxg5 Nxg5 42. Qh4 Qg6 43. Kh2 Rd3 44. f4 exf4 45. Bxg7 Kxg7 46. Qxf4 Ne6 47. Qe5+ Qf6 48. Qg3+ Kf8 49. Bh3 h4 50. Qg2 Rd2 51. Kg1 Ng5 52. Rf1 c4 53. Qg4 c3 54. Bg2 c2 55. Qc8+ Kg7 56. f4 Ne6 57. Be4 Nd4 58. Qg4+ Kf8 59. Qc8+ Kg7 60. Qg4+ Kh6 61. Kh1 Ne2 0-1

[Event "NRW Class1 1718"]
[Site "Germany"]
[Date "2017.10.15"]
[Round "2.2"]
[White "Wigger, Jochen"]
[Black "Stolte, Alexander"]
[Result "1/2-1/2"]
[WhiteElo "2246"]
[BlackElo "2173"]
[PlyCount "32"]
[EventDate "2017.09.17"]
[EventType "team-tourn"]
[EventRounds "9"]
[EventCountry "GER"]
[SourceTitle "EXT 2019"]
[Source "ChessBase"]
[SourceDate "2018.10.10"]
[SourceVersion "1"]
[SourceVersionDate "2018.10.10"]
[SourceQuality "1"]
[WhiteTeam "Niederkassel"]
[BlackTeam "Sundern"]
[WhiteTeamCountry "GER"]
[BlackTeamCountry "GER"]

1. d4 Nf6 2. Bg5 d5 3. Bxf6 gxf6 4. e3 c5 5. c4 cxd4 6. Qxd4 Be6 7. cxd5 Qxd5 8. Qxd5 Bxd5 9. Nc3 Bc6 10. 0-0-0 e6 11. Nf3 a6 12. Nd4 Bb4 13. Nxc6 Nxc6 14. Ne4 f5 15. Ng5 Ne5 16. Be2 Rc8+ 1/2-1/2

[Event "NRW Class2 1617"]
[Site "Germany"]
[Date "2017.03.05"]
[Round "7.2"]
[White "Erwich, Frank"]
[Black "Wigger, Jochen"]
[Result "0-1"]
[WhiteElo "2339"]
[BlackElo "2292"]
[PlyCount "120"]
[EventDate "2016.09.25"]
[EventType "team-tourn"]
[EventRounds "9"]
[EventCountry "GER"]
[SourceTitle "EXT 2023"]
[Source "ChessBase"]
[SourceDate "2022.10.05"]
[SourceVersion "1"]
[SourceVersionDate "2022.10.05"]
[SourceQuality "1"]
[WhiteTeam "Erkenschwick"]
[BlackTeam "Niederkassel"]
[WhiteTeamCountry "GER"]
[BlackTeamCountry "GER"]

1. c4 c6 2. e4 d5 3. exd5 cxd5 4. cxd5 Nf6 5. Nc3 Nxd5 6. Nf3 Nc6 7. d4 e6 8. Bd3 Be7 9. 0-0 0-0 10. Re1 Nf6 11. a3 b6 12. Bg5 Bb7 13. Bc2 Rc8 14. Qd3 g6 15. Rad1 Qc7 16. Bh4 Rfd8 17. Bg3 Qd7 18. Ba4 Qe8 19. Qe3 Bd6 20. Bh4 Be7 21. d5 Nxd5 22. Nxd5 Bxh4 23. Nxb6 axb6 24. Nxh4 Qe7 25. Nf3 Qc5 26. Qh6 Qf8 27. Qh4 Ne7 28. Ng5 h6 29. Ne4 Nf5 30. Qf4 Rxd1 31. Rxd1 Qg7 32. Nc3 e5 33. Qb4 Qf6 34. Ne4 Qh4 35. Ng3 Qxb4 36. axb4 Rc4 37. Nxf5 gxf5 38. Bd7 Rxb4 39. Bxf5 Rxb2 40. Rd7 Ba6 41. h4 Bc4 42. g4 b5 43. g5 hxg5 44. h5 Ra2 45. h6 Ra8 46. Rb7 Re8 47. Kh2 Be6 48. Be4 b4 49. Rxb4 f5 50. Bc6 Re7 51. Rb5 Bf7 52. Rb6 Re6 53. Rb8+ Kh7 54. Bd7 Rxh6+ 55. Kg1 f4 56. Rb5 Rd6 57. Bf5+ Kg7 58. Rxe5 Kf6 59. Rb5 Rd1+ 60. Kg2 Bd5+ 0-1

[Event "NRW Class2 1617"]
[Site "Germany"]
[Date "2017.02.12"]
[Round "6.2"]
[White "Wigger, Jochen"]
[Black "Orzech, Dominik"]
[Result "1/2-1/2"]
[WhiteElo "2292"]
[BlackElo "2378"]
[PlyCount "83"]
[EventDate "2016.09.25"]
[EventType "team-tourn"]
[EventRounds "9"]
[EventCountry "GER"]
[SourceTitle "EXT 2023"]
[Source "ChessBase"]
[SourceDate "2022.10.05"]
[SourceVersion "1"]
[SourceVersionDate "2022.10.05"]
[SourceQuality "1"]
[WhiteTeam "Niederkassel"]
[BlackTeam "Gerresheim"]
[WhiteTeamCountry "GER"]
[BlackTeamCountry "GER"]

1. b3 Nf6 2. Bb2 g6 3. Bxf6 exf6 4. c4 Nc6 5. Nc3 Ba3 6. g3 0-0 7. Bg2 d6 8. Nb5 Bc5 9. a3 Re8 10. e3 Nd4 11. Nxd4 Bxd4 12. Ra2 c6 13. Ne2 Bb6 14. d4 Bf5 15. Nc3 Qd7 16. 0-0 h5 17. b4 h4 18. a4 a6 19. a5 Bc7 20. Rd2 Kg7 21. Re1 hxg3 22. fxg3 Rh8 23. Qf3 Bg4 24. Qf2 Rh5 25. Rf1 f5 26. e4 Rah8 27. h4 Bd8 28. Ne2 g5 29. exf5 gxh4 30. f6+ Kf8 31. gxh4 Rxh4 32. Qg3 R4h6 33. d5 c5 34. bxc5 Bxa5 35. Rb2 dxc5 36. Qb8+ Qd8 37. Rxb7 Bxe2 38. Qa7 Bxf1 39. Rxf7+ Ke8 40. Re7+ Kf8 41. Rf7+ Ke8 42. Re7+ 1/2-1/2

[Event "NRW Class2 1617"]
[Site "Germany"]
[Date "2016.10.23"]
[Round "2.1"]
[White "Wigger, Jochen"]
[Black "Kabatianski, Alexander"]
[Result "0-1"]
[WhiteElo "2292"]
[BlackElo "2394"]
[PlyCount "92"]
[EventDate "2016.09.25"]
[EventType "team-tourn"]
[EventRounds "9"]
[EventCountry "GER"]
[SourceTitle "EXT 2023"]
[Source "ChessBase"]
[SourceDate "2022.10.05"]
[SourceVersion "1"]
[SourceVersionDate "2022.10.05"]
[SourceQuality "1"]
[WhiteTeam "Niederkassel"]
[BlackTeam "Emsdetten Rochade"]
[WhiteTeamCountry "GER"]
[BlackTeamCountry "GER"]

1. d4 Nf6 2. Bg5 e6 3. e4 h6 4. Bxf6 Qxf6 5. c3 d6 6. Bd3 Qg5 7. Nf3 Qxg2 8. Rg1 Qh3 9. Nbd2 Nd7 10. Qb3 g5 11. Rg3 Qh5 12. h3 Qg6 13. 0-0-0 Qf6 14. Kb1 Qe7 15. e5 d5 16. c4 c6 17. cxd5 exd5 18. Bf5 Nc5 19. Qc2 Bxf5 20. Qxf5 Qe6 21. Qc2 Nd7 22. Qa4 Be7 23. Ka1 Qf5 24. Nf1 Nb6 25. Qb3 0-0-0 26. Ne3 Qh7 27. Nd2 f5 28. Nc2 h5 29. Rc1 g4 30. Rc3 Bg5 31. Ne3 f4 32. Nef1 Rhg8 33. a4 Na8 34. Qd1 Bh4 35. hxg4 hxg4 36. Nb3 Bxf2 37. Nfd2 Nc7 38. a5 a6 39. Qe2 Be3 40. Rxe3 fxe3 41. Qxe3 Ne6 42. Nc5 Nxc5 43. Rxc5 Qh1+ 44. Ka2 g3 45. Qd3 Qh6 46. Rc1 Rdf8 0-1

[Event "NRW Class2 1516"]
[Site "Germany"]
[Date "2016.05.08"]
[Round "9.1"]
[White "Kartsev, Soel"]
[Black "Wigger, Jochen"]
[Result "1/2-1/2"]
[WhiteElo "2224"]
[BlackElo "2256"]
[PlyCount "22"]
[EventDate "2015.09.27"]
[EventType "team-tourn"]
[EventRounds "9"]
[EventCountry "GER"]
[SourceTitle "EXT 2017"]
[Source "ChessBase"]
[SourceDate "2016.10.25"]
[SourceVersion "1"]
[SourceVersionDate "2016.10.25"]
[SourceQuality "1"]
[WhiteTeam "Sodingen"]
[BlackTeam "Niederkassel"]
[WhiteTeamCountry "GER"]
[BlackTeamCountry "GER"]

1. e4 c6 2. d4 d5 3. exd5 cxd5 4. c4 Nf6 5. Nc3 e6 6. Nf3 Be7 7. Bd3 dxc4 8. Bxc4 0-0 9. 0-0 Nc6 10. Re1 b6 11. Bf4 Bb7 1/2-1/2

[Event "NRW Class2 1516"]
[Site "Germany"]
[Date "2016.04.03"]
[Round "8.1"]
[White "Wigger, Jochen"]
[Black "Schmittdiel, Eckhard"]
[Result "0-1"]
[WhiteElo "2256"]
[BlackElo "2354"]
[PlyCount "88"]
[EventDate "2015.09.27"]
[EventType "team-tourn"]
[EventRounds "9"]
[EventCountry "GER"]
[SourceTitle "EXT 2017"]
[Source "ChessBase"]
[SourceDate "2016.10.25"]
[SourceVersion "1"]
[SourceVersionDate "2016.10.25"]
[SourceQuality "1"]
[WhiteTeam "Niederkassel"]
[BlackTeam "Dortmund Hansa II"]
[WhiteTeamCountry "GER"]
[BlackTeamCountry "GER"]

1. d4 d5 2. c4 e6 3. Nc3 f5 4. Bf4 c6 5. e3 Nf6 6. Bd3 Be7 7. Qc2 0-0 8. Nge2 Na6 9. a3 dxc4 10. Bxc4 b5 11. Bb3 b4 12. Na4 bxa3 13. bxa3 Qa5+ 14. Qc3 Qxc3+ 15. Nexc3 Nd5 16. Nxd5 cxd5 17. Kd2 Bd7 18. Rhc1 Rac8 19. Nb2 Rxc1 20. Kxc1 g5 21. Be5 Nb8 22. Nd3 Nc6 23. Kb2 f4 24. exf4 gxf4 25. Rc1 Rf5 26. Ka2 Be8 27. Bxf4 Nxd4 28. Bg3 Bb5 29. Rc8+ Rf8 30. Rxf8+ Kxf8 31. Ne1 Bf1 32. Bd1 Bc4+ 33. Kb2 Bf6 34. Kb1 Nb5 35. Kc1 Nxa3 36. Bd6+ Be7 37. Bxe7+ Kxe7 38. Nf3 Kf6 39. Nd2 Bb5 40. f4 Nc4 41. Bf3 Ne3 42. Nb3 e5 43. fxe5+ Kxe5 44. h4 Bf1 0-1

[Event "Oberliga Ost-A 1415"]
[Site "Germany"]
[Date "2014.10.19"]
[Round "3.1"]
[White "Feige, Manuel"]
[Black "Wigger, Jochen"]
[Result "1/2-1/2"]
[WhiteElo "2379"]
[BlackElo "2312"]
[PlyCount "40"]
[EventDate "2014.09.21"]
[EventType "team-tourn"]
[EventRounds "11"]
[EventCountry "GER"]
[SourceTitle "EXT 2016"]
[Source "ChessBase"]
[SourceDate "2015.10.08"]
[SourceVersion "1"]
[SourceVersionDate "2015.10.08"]
[SourceQuality "1"]
[WhiteTeam "Chemnitz USG"]
[BlackTeam "Coswig"]
[WhiteTeamCountry "GER"]
[BlackTeamCountry "GER"]

1. d4 e6 2. c4 b6 3. Nc3 Bb7 4. a3 f5 5. Nf3 Nf6 6. g3 h6 7. Bg2 Be7 8. 0-0 Ne4 9. Nxe4 Bxe4 10. b4 0-0 11. Bb2 Bf6 12. Qd2 d6 13. Rfd1 Nd7 14. Ne1 Bxg2 15. Nxg2 Qe7 16. Nf4 Rfe8 17. a4 g5 18. Ng2 Qf7 19. a5 Bg7 20. Ra3 Nf6 1/2-1/2

[Event "Oberliga Ost-A 1314"]
[Site "Germany"]
[Date "2014.03.16"]
[Round "9.2"]
[White "Proehl, Holger"]
[Black "Wigger, Jochen"]
[Result "1/2-1/2"]
[WhiteElo "2383"]
[BlackElo "2303"]
[PlyCount "97"]
[EventDate "2013.10.13"]
[EventType "team-tourn"]
[EventRounds "11"]
[EventCountry "GER"]
[SourceTitle "EXT 2015"]
[Source "ChessBase"]
[SourceDate "2014.11.20"]
[SourceVersion "1"]
[SourceVersionDate "2014.11.20"]
[SourceQuality "1"]
[WhiteTeam "Loeberitz"]
[BlackTeam "Coswig"]
[WhiteTeamCountry "GER"]
[BlackTeamCountry "GER"]

1. e4 e6 2. d4 d5 3. Nd2 b6 4. Ngf3 Nf6 5. Bd3 Be7 6. 0-0 dxe4 7. Nxe4 Bb7 8. Qe2 0-0 9. Rd1 Nxe4 10. Bxe4 Bxe4 11. Qxe4 Qd5 12. Qe2 Nd7 13. c4 Qf5 14. h3 Rfe8 15. Bd2 Bf6 16. Bc3 Rad8 17. Rd2 Nf8 18. Rad1 Ng6 19. Qd3 Qxd3 20. Rxd3 Rd7 21. Ne5 Bxe5 22. dxe5 Rxd3 23. Rxd3 Kf8 24. g3 Ke7 25. Kf1 Rd8 26. Ke2 Rxd3 27. Kxd3 Kd7 28. Ke4 Ne7 29. g4 Nc6 30. b4 a6 31. a4 Ne7 32. f4 g6 33. Be1 h5 34. Bd2 hxg4 35. hxg4 Kc6 36. Be3 Kd7 37. Bf2 Nc6 38. Be1 Ne7 39. Kd3 Ng8 40. Ke3 Ne7 41. Ke4 Nc6 42. b5 axb5 43. axb5 Nd8 44. f5 exf5+ 45. gxf5 gxf5+ 46. Kxf5 Ne6 47. Kf6 Ke8 48. Bf2 Nf8 49. Be3 1/2-1/2

[Event "Oberliga Ost-A 1213"]
[Site "Germany"]
[Date "2013.03.17"]
[Round "9.2"]
[White "Wigger, Jochen"]
[Black "Horvath, Julia"]
[Result "1/2-1/2"]
[WhiteElo "2307"]
[BlackElo "2195"]
[PlyCount "127"]
[EventDate "2012.10.14"]
[EventType "team-tourn"]
[EventRounds "11"]
[EventCountry "GER"]
[SourceTitle "EXT 2014"]
[Source "ChessBase"]
[SourceDate "2013.11.20"]
[SourceVersion "1"]
[SourceVersionDate "2013.11.20"]
[SourceQuality "1"]
[WhiteTeam "Coswig"]
[BlackTeam "Magdeburg Rochade"]
[WhiteTeamCountry "GER"]
[BlackTeamCountry "GER"]

1. c4 e5 2. g3 Nf6 3. Bg2 Be7 4. Nc3 0-0 5. Nf3 d6 6. d4 Nbd7 7. 0-0 c6 8. b3 Re8 9. e4 Qc7 10. Bb2 Nf8 11. h3 Ne6 12. Re1 h6 13. Rc1 Ng5 14. Kh2 Nxf3+ 15. Bxf3 Nh7 16. Qd3 Bf6 17. d5 c5 18. a3 g6 19. b4 b6 20. Rb1 Bg7 21. Nb5 Qd7 22. bxc5 bxc5 23. Bg2 a6 24. Nc3 Ng5 25. h4 Nh7 26. Bc1 g5 27. hxg5 hxg5 28. Be3 Bf6 29. Rb3 Kg7 30. Rh1 Rh8 31. Kg1 Qc7 32. Qb1 Ra7 33. Bh3 g4 34. Bg2 Rb7 35. Rxb7 Qxb7 36. Qxb7 Bxb7 37. Kf1 Rb8 38. Ke2 Bc8 39. Bc1 Bd7 40. Kd3 Ng5 41. Kc2 Kg6 42. Be3 Bg7 43. Rb1 Rxb1 44. Kxb1 Bf6 45. Kc2 Bd8 46. Kd3 Ba5 47. Bd2 Bd8 48. Nd1 f5 49. exf5+ Bxf5+ 50. Ke2 Ne4 51. Be1 Nf6 52. Ne3 Bd7 53. Kd3 Bc7 54. Bc3 Bd8 55. Bf1 Kg5 56. Kc2 Ne8 57. Bd3 Ng7 58. Bd2 Kh5 59. Bh7 Bg5 60. Bd3 Bxe3 61. Bxe3 Nf5 62. Bd2 Kg6 63. Ba5 Kf7 64. Bxf5 1/2-1/2

[Event "Oberliga Ost-A 1213"]
[Site "Germany"]
[Date "2013.02.02"]
[Round "6.1"]
[White "Weitzer, Steffen"]
[Black "Wigger, Jochen"]
[Result "0-1"]
[WhiteElo "2250"]
[BlackElo "2307"]
[PlyCount "194"]
[EventDate "2012.10.14"]
[EventType "team-tourn"]
[EventRounds "11"]
[EventCountry "GER"]
[SourceTitle "EXT 2014"]
[Source "ChessBase"]
[SourceDate "2013.11.20"]
[SourceVersion "1"]
[SourceVersionDate "2013.11.20"]
[SourceQuality "1"]
[WhiteTeam "Leipzig SG III"]
[BlackTeam "Coswig"]
[WhiteTeamCountry "GER"]
[BlackTeamCountry "GER"]

1. d4 d5 2. Nf3 Nf6 3. Bf4 c6 4. c3 h6 5. h3 Bf5 6. Qb3 Qb6 7. Nbd2 e6 8. e3 Nbd7 9. a4 Qxb3 10. Nxb3 a5 11. Be2 Be7 12. 0-0 Ne4 13. Nfd2 f6 14. Nxe4 Bxe4 15. Nd2 Bg6 16. Rfe1 e5 17. Bh2 0-0 18. e4 dxe4 19. Bc4+ Kh7 20. Nxe4 f5 21. Nd2 e4 22. Be6 Nf6 23. f3 Rae8 24. Bb3 Bd8 25. Bd6 Be7 26. Bxe7 Rxe7 27. Nc4 b6 28. fxe4 fxe4 29. Bc2 Nd7 30. Re2 Re6 31. Rae1 Rfe8 32. Bb3 h5 33. Kh2 Kh6 34. Re3 Rf6 35. Bc2 Rfe6 36. Kg3 R8e7 37. Rf1 Nf6 38. Ne5 Nd7 39. Nxg6 Kxg6 40. Bb3 Rd6 41. Rfe1 Nf6 42. Bc2 Rde6 43. c4 Kh6 44. Rb3 Nd7 45. Kf2 g5 46. Ke3 Kg7 47. Rf1 Rd6 48. Bd1 Kg6 49. Be2 Kh6 50. Rc3 Kg6 51. Rcc1 Nf6 52. Ra1 Red7 53. Rfd1 Re7 54. Rd2 Red7 55. Ra3 Re7 56. Rb3 Nd7 57. Rd1 Rf6 58. Rf1 Rd6 59. g4 h4 60. Rf5 Rde6 61. Rc3 Rd6 62. Bf1 Nf6 63. Rb3 Nd7 64. Bg2 Kh6 65. Rc3 Rde6 66. Rc1 Kg6 67. d5 Rd6 68. Bxe4 Kh6 69. Kd4 Nc5 70. Bc2 Re2 71. Re5 Ne6+ 72. Rxe6+ Rexe6 73. Bf5 Re2 74. Bd3 c5+ 75. Kc3 Re3 76. Rf1 Kg7 77. Rf5 Rf6 78. Rxg5+ Kf8 79. Kd2 Rxh3 80. Bf5 Rh6 81. Be6 Rg3 82. Rg8+ Ke7 83. g5 Rh5 84. Rg7+ Kd6 85. g6 h3 86. Rh7 Rhg5 87. Bxh3 Rxg6 88. Kc2 Ke5 89. Rh4 Rf6 90. Rh5+ Kd6 91. Bf5 Rf3 92. Bd3 Rf2+ 93. Kc3 R2f3 94. Kd2 Rg3 95. Bf5 Rb3 96. Kc2 Re3 97. Bg4 Re4 0-1

[Event "Oberliga Ost-A 1112"]
[Site "Germany"]
[Date "2011.11.20"]
[Round "4.1"]
[White "Ruemmler, Roland"]
[Black "Wigger, Jochen"]
[Result "0-1"]
[WhiteElo "2013"]
[BlackElo "2325"]
[PlyCount "164"]
[EventDate "2011.09.25"]
[EventType "team-tourn"]
[EventRounds "11"]
[EventCountry "GER"]
[SourceTitle "EXT 2013"]
[Source "ChessBase"]
[SourceDate "2012.11.22"]
[SourceVersion "1"]
[SourceVersionDate "2012.11.22"]
[SourceQuality "1"]
[WhiteTeam "Naumburg"]
[BlackTeam "Coswig"]
[WhiteTeamCountry "GER"]
[BlackTeamCountry "GER"]

1. d4 d5 2. Nf3 Bg4 3. Ne5 Be6 4. g3 f6 5. Nd3 Nd7 6. Bg2 c6 7. Nd2 Qb6 8. c3 Bg4 9. Qb3 e6 10. f3 Bh5 11. Qxb6 axb6 12. Nf4 Bf7 13. e4 Bd6 14. Ne2 b5 15. f4 Ne7 16. e5 Bc7 17. 0-0 h6 18. Nf3 f5 19. Be3 Nb6 20. Nd2 Bh5 21. Bf3 Bxf3 22. Rxf3 Kd7 23. Nb3 Na4 24. Rb1 Rhg8 25. Nbc1 Nc8 26. Nd3 Ke7 27. h3 Nab6 28. Nb4 Kf7 29. g4 g6 30. Rbf1 Bd8 31. Bc1 Be7 32. a3 Nc4 33. Kh2 N8b6 34. Rg1 Na5 35. Nd3 Nb3 36. Rfg3 Nc4 37. gxf5 gxf5 38. Rxg8 Rxg8 39. Rxg8 Kxg8 40. Kg3 Kf7 41. Kf3 Kg6 42. Be3 Kh5 43. Bf2 Nbd2+ 44. Kg2 Kg6 45. Ng1 Ne4 46. Nf3 Kf7 47. Kf1 Ke8 48. Be1 Kd7 49. Ke2 Kc7 50. Bh4 Bf8 51. Kd1 b6 52. Be1 c5 53. Kc1 Ne3 54. Bd2 Ng2 55. Nfe1 Nh4 56. Be3 Ng6 57. Ng2 Kc6 58. Nde1 Be7 59. Nf3 b4 60. axb4 cxb4 61. Kc2 bxc3 62. bxc3 Kb5 63. Kb3 Bd8 64. Bg1 Nf8 65. Be3 Nd7 66. Nd2 Nxd2+ 67. Bxd2 Nb8 68. Ne3 Nc6 69. Kc2 Na5 70. Be1 Nc4 71. Nd1 Be7 72. Kd3 Ka4 73. Kc2 Ka3 74. Bd2 Nxd2 75. Kxd2 Kb3 76. Kd3 Bh4 77. Ne3 b5 78. Nf1 Be1 79. Ne3 Bxc3 80. Ng4 fxg4 81. hxg4 Bb4 82. f5 Be7 0-1

[Event "Oberliga Ost-A 1112"]
[Site "Germany"]
[Date "2011.10.23"]
[Round "3.1"]
[White "Stolz, Mike"]
[Black "Wigger, Jochen"]
[Result "1/2-1/2"]
[WhiteElo "2381"]
[BlackElo "2325"]
[PlyCount "186"]
[EventDate "2011.09.25"]
[EventType "team-tourn"]
[EventRounds "11"]
[EventCountry "GER"]
[SourceTitle "EXT 2013"]
[Source "ChessBase"]
[SourceDate "2012.11.22"]
[SourceVersion "1"]
[SourceVersionDate "2012.11.22"]
[SourceQuality "1"]
[WhiteTeam "Magdeburg Rochade"]
[BlackTeam "Coswig"]
[WhiteTeamCountry "GER"]
[BlackTeamCountry "GER"]

1. e4 c6 2. c4 d5 3. exd5 cxd5 4. cxd5 Nf6 5. Bb5+ Nbd7 6. Nc3 a6 7. Bxd7+ Qxd7 8. Qb3 Qg4 9. Kf1 b5 10. Nf3 e6 11. d4 Qf5 12. Bg5 Nxd5 13. Nxd5 Qxd5 14. Qxd5 exd5 15. Bf4 f6 16. Re1+ Kf7 17. Rc1 Be7 18. Rc7 Re8 19. Ke2 Kg8 20. Kd1 Bd8 21. Rc5 Bg4 22. Re1 Rxe1+ 23. Kxe1 Be6 24. Bc7 Be7 25. Rc6 Kf7 26. Bd6 Bd8 27. Nd2 Bd7 28. Rc3 Bb6 29. Re3 Re8 30. Rxe8 Bxe8 31. Nb3 Ke6 32. Bc5 Bc7 33. Bb4 Kf5 34. h3 h5 35. Ke2 h4 36. Kd3 g5 37. Be1 Bd7 38. Nc5 Bc8 39. Ke3 Kg6 40. Nd3 Kf5 41. Kf3 Kg6 42. Ke3 Kf5 43. f3 Bd6 44. Ba5 Bh2 45. Kd2 Ke6 46. Bd8 Kf7 47. Kc3 Bg1 48. Bb6 Be3 49. Kb4 Bf5 50. Kc3 Bc8 51. Nb4 Bb7 52. Nc2 Bf4 53. Kb4 Ke8 54. Kc3 Kd7 55. Ne1 Bd6 56. Nd3 Bc8 57. Bc5 Bc7 58. a4 bxa4 59. Bb4 a5 60. Ba3 Ke8 61. Nc5 Bd7 62. Kd2 Bb5 63. Ke3 Bg3 64. Nd3 Kf7 65. Bc5 Bc7 66. Ba7 Kg6 67. Bc5 Kf5 68. Ba3 Ke6 69. Nc5+ Kf7 70. Nd3 Kg6 71. Bc5 Kh5 72. Be7 Bxd3 73. Kxd3 f5 74. Kc2 Bg3 75. b3 axb3+ 76. Kxb3 g4 77. Ka4 gxh3 78. gxh3 Bf2 79. Bf6 Kg6 80. Be5 Be1 81. Bc7 Bc3 82. Be5 Kf7 83. Kb3 Be1 84. Ka4 Ke6 85. Kb5 Bd2 86. Bc7 Bc3 87. Be5 Be1 88. Bc7 Bf2 89. Be5 Bg3 90. f4 Be1 91. Bc7 Bd2 92. Be5 Bc3 93. Bh8 Be1 1/2-1/2